| 000 | 01182nam a2200337 i 4500 | ||
|---|---|---|---|
| 001 | 11710 | ||
| 003 | KOSZ 005 | ||
| 005 | 20211213134531.0 | ||
| 008 | 071031s1966 pl a f 000 0 pol | ||
| 015 | _aPB 1966/5861 | ||
| 040 |
_aWA N _cWA N _dKOSZ 005/RW _dKOSZ 005/HR |
||
| 041 | 0 |
_apol _beng _brus |
|
| 046 | _k1966 | ||
| 080 | _a621 | ||
| 100 | 1 |
_aBogusz, Władysław _d(1916-1979) _eAutor |
|
| 245 | 1 | 0 |
_aStateczność układów nieliniowych / _cWładysław Bogusz ; Instytut Podstawowych Problemów Techniki Polskiej Akademii Nauk. |
| 260 |
_aWarszawa : _bPaństwowe Wydawnictwo Naukowe, _c1966. |
||
| 300 |
_a105 s. : _bil. ; _c24 cm. |
||
| 380 | _aKsiążki. | ||
| 388 | _a1901-2000 | ||
| 490 | 1 | _aBiblioteka Mechaniki Stosowanej | |
| 504 | _aBibliogr. s. [90]. | ||
| 546 | _aStreszcz. ang., ros. | ||
| 658 | _aInżynieria i technika | ||
| 650 | 4 | _aMechanika stosowana | |
| 650 | 4 | _aStateczność | |
| 710 | 2 |
_aPaństwowe Wydawnictwo Naukowe _4pbl. |
|
| 856 |
_uhttp://koha.tu.koszalin.pl/cgi-bin/koha/opac-detail.pl?biblionumber=11710 _yKatalog online BPK |
||
| 830 | 0 | _aBiblioteka Mechaniki Stosowanej | |
| 942 |
_2UKD _cKS |
||
| 999 |
_c11710 _d11710 |
||